000 00301nam a22001337a 4500
008 170627b xxu||||| |||| 00| 0 eng d
020 _a9781889119366
041 _aeng
080 _23RD
_a32
100 _a21
101 _aSHP
245 _aAMERICAN DEMOCRACY IN PERIL
_cHUDSON,W.E
942 _2udc
_cBK
999 _c19140
_d19140